| 000 | 00793nam a2200253 i 4500 | ||
|---|---|---|---|
| 001 | bg | ||
| 100 | 1 | _aSekuła, Zofia. | |
| 245 | 1 | 0 |
_aMotywowanie do pracy : _bteorie i instrumenty / _cZofia Sekuła. |
| 260 |
_aWarszawa : _bPolskie Wydawnictwo Ekonomiczne, _c2008. |
||
| 300 |
_a323 s. : _bil. ; _c24 cm. |
||
| 521 | 8 | _aDla studentów kierunków ekonomicznych, psychologii i socjologii. | |
| 650 | 9 | _aMotywacja pracy | |
| 655 | _aPodręczniki akademickie | ||
| 015 | _aPB 17601/2008 | ||
| 020 | _a9788320817744 | ||
| 040 | _cBPK | ||
| 041 | _apol | ||
| 044 | _aPOL | ||
| 080 | _a331.101.3(075.8) | ||
| 920 | _a978-83-208-1774-4 | ||
| 942 | _cKS | ||
| 008 | 080707s2008 pl a f f |000 0 pol | ||
| 999 |
_c55604 _d55604 |
||
| 856 |
_uhttp://koha.tu.koszalin.pl/cgi-bin/koha/opac-detail.pl?biblionumber=55604 _yKatalog online BPK |
||